000 00914cab a2200253 4500
001 WB3041-50
008 090401t1994 xxu||||| |||| 00| 0 eng d
035 _a(Sirsi) u27625
041 _aeng
245 _aLocal plan change
260 _c1994
350 _a0
490 _aTimes
_v4 November 1994, 40(1)
520 _a"Mackenzie`s Trustees v Highland Regional Council" IH 4 November 1994. Discusses whether there was any prejudice to developers after a change in the local plan led to speculation that if planning permission for the developers site expired, it would be unlikely to be granted again.
650 _aCOMMERCIAL DEVELOPMENT
650 _aLOCAL PLAN
650 _aMACKENZIES TRUSTEES V HIGHLAND REGIONAL COUNCIL
650 _aPLANNING PERMISSION
650 _aPREJUDICE
650 _aSPECULATION
690 _aPLANNING LAW AND PRACTICE-CASE LAW
942 _n0
948 _c04/03/1997
999 _c18600
_d18600